| 000 | 00638nam a22002297a 4500 | ||
|---|---|---|---|
| 003 | DO-SdBNP | ||
| 005 | 20210830154047.0 | ||
| 007 | ta | ||
| 008 | 210830e2017 dr ||||er|||| 00| edspa d | ||
| 020 | _a9781365870972 | ||
| 040 |
_aDO-SdBNP _bspa _cBNPH |
||
| 041 | _hspa | ||
| 082 | _bM375m, 2017 | ||
| 100 | 1 |
_aMartes, Belkis M. _979655 |
|
| 245 | 1 | 3 |
_aMemorias de mi infancia. / _bBelkis M. Marte |
| 250 | _a2da. | ||
| 260 |
_aNew York : _bBooks&Smith, _c2017 |
||
| 300 |
_a71 p.: _bil., retr.; _c23 cm |
||
| 500 | _aIncluye biografĂa de la autora en la cubierta posterior. | ||
| 590 | _aInventriado 2021 / MF | ||
| 942 |
_2ddc _cLBS1 |
||
| 999 |
_c50339 _d50339 |
||